000 00468nam a2200145 i 4500
001 96030
003 ES-MaACL
007 t|
008 050609s1953 sp ||||1| spa d
100 1 _aMadariaga, César de.
_975282
245 1 0 _aIniciación al estudio del factor humano en la actividad económica
_b: elementos de Psicoeconomía /
_cCésar de Madariaga.
260 _aMadrid :
_bAguilar,
_c1953.
300 _a231 p. ;
_c22 cm.
852 _aES-MaACL
_jC-5858
_bR.34983
999 _c96030
_d96030